Historia de Challhuahuacho Libro de Plata / (Record no. 23358)

000 -CABECERA
fixed length control field 01152nam a22002897i 4500
003 - IDENTIFICADOR DEL NÚMERO DE CONTROL
control field AR-CdUCM
008 - DATOS DE LONGITUD FIJA--INFORMACIÓN GENERAL
fixed length control field 250818b20192019 pe||||| |||| 00| 0 spa d
040 ## - FUENTE DE LA CATALOGACIÓN
Agencia/entidad que catalogó originalmente la obra MUNICIPALIDAD PROVINCIAL DEL CUSCO
Entidad que transcribió la catalogación BIBLIOTECA MUNICIPAL DEL CUSCO
082 ## - NÚMERO DE LA CLASIFICACIÓN DECIMAL DEWEY
No. de Clasificación 985.632 / CH515
Notacion interna CH515
110 ## - ENTRADA PRINCIPAL--NOMBRE DE ENTIDAD CORPORATIVA
Nombre de la institución, jurisdicción como entrada principal Municipalidad Distrital de Challhuahuacho
9 (RLIN) 51344
245 ## - MENCIÓN DE TÍTULO
Título Historia de Challhuahuacho Libro de Plata /
300 ## - DESCRIPCIÓN FÍSICA
Nº de Páginas Extensión 218 páginas. :
500 ## - NOTA GENERAL
Bibliografía Páginas 2016-2017
505 ## - NOTA DE CONTENIDO CON FORMATO
Nota de contenido formateada La cultura Yanahuara antes de cristo y después -- Posición de tierras en Cotabambas -- Patrimonio arqueológico de Challhuahuacho -- Manifestaciones culturales -- Canto, música y danza -- Festividades y rituales
650 ## - PUNTO DE ACCESO ADICIONAL DE MATERIA--TÉRMINO DE MATERIA
Descriptor Historia
9 (RLIN) 51345
650 ## - PUNTO DE ACCESO ADICIONAL DE MATERIA--TÉRMINO DE MATERIA
Descriptor Alcaldes
9 (RLIN) 51346
650 ## - PUNTO DE ACCESO ADICIONAL DE MATERIA--TÉRMINO DE MATERIA
Descriptor Época colonial
9 (RLIN) 51347
650 ## - PUNTO DE ACCESO ADICIONAL DE MATERIA--TÉRMINO DE MATERIA
Descriptor Comunidades campesinas
9 (RLIN) 2214
650 ## - PUNTO DE ACCESO ADICIONAL DE MATERIA--TÉRMINO DE MATERIA
Descriptor Centro arqueológico Yanawara y Markaphuchunku
9 (RLIN) 51348
650 ## - PUNTO DE ACCESO ADICIONAL DE MATERIA--TÉRMINO DE MATERIA
Descriptor Mineria Challhuahuacho
9 (RLIN) 51349
650 ## - PUNTO DE ACCESO ADICIONAL DE MATERIA--TÉRMINO DE MATERIA
Descriptor Textiles, chumpi, away
9 (RLIN) 51350
650 ## - PUNTO DE ACCESO ADICIONAL DE MATERIA--TÉRMINO DE MATERIA
Descriptor Musica, qhashwa
9 (RLIN) 51351
650 ## - PUNTO DE ACCESO ADICIONAL DE MATERIA--TÉRMINO DE MATERIA
Descriptor Rituales para el ganado
9 (RLIN) 51352
942 ## - ELEMENTOS DE PUNTO DE ACCESO ADICIONAL (KOHA)
Fuente de clasificación
Tipo de item Libros-BMC
945 ## - PROCESAMIENTO DE INFORMACIÓN LOCAL (OCLC)
Catalogador pbjr
AAAA-MM-DD - Fecha de ingreso o modificacion 18-08-2025
Holdings
Estado de retiro (separado) Fuente de clasificación o esquema de estanterías Estado dañado Ubicación Sala donde se ubica Nombre de la colección Fecha de adquisición o compra Fuente de adquisición Costo, precio normal en soles Signatura topográfica Código de Barras Última vez visto (Koha) Tipo de ítem (Koha)
No     Sala Humanidades Sala Humanidades Book Cart 2025-08-18 Depósito legal 80.00 985.632 / CH515 SH0000016968 2025-08-18 Libros-BMC

Powered by Koha